00655 2200205 4500001002100000005001500021035002000036007000300056008004100059020002100100082001200121084001800133100003200151245013100183250001100314260004100325300003100366650002000397700003200417INLIS00000000000201120260209012328 a0010-0226000021ta260209 g 0 ind  a978-9791486-67-5 a808.066 a808.066 DR. c0 aDr. Hamzah Halim, S.H., M.H1 aCARA PRAKTIS MEYUSUN & MERANCANG PERATURAN DAERAH :bKAJIAN TEORITIS & PRAKTIS DISERTASI MANUAL /cDr. Hamzah Halim, S.H., M.H aCet. 2 aJakarta :bPrenada Media Grup,c2010 axvi + 260 hlm ;c1 x 23 cm aKajian Teoritis0 aKemal Redindo Syahru Putera